00740nam a22001577a 4500008004100000020001800041050001900059100004100078245006100119260005000180300001800230500010900248505016500357650002900522650003100551240912s2022 mx ||||| |||| 00| 0 spa d a9786077134480 aHV45bC66 2022 aContreras de Wilhelm, Yolandaeautor aTrabajo social de gruposc/ Yolanda Contreras de Wilhelm aMéxicob: Pax : Editorial Terracotac, 2022 a155 páginas aIncluye: Índice, prólogo, introducción, Vocabulario técnico, Bibliografía, acerca de la autora a1. Orígenes del método de grupos 2. Generalidades del método de grupos 3. Clasificación de los grupos 4. Metodología 5. Liderazgo 6. Evaluación aTRABAJO SOCIAL DE GRUPOS aDESARROLLO DE LA COMUNIDAD